000 00728cam a2200205 4500
001 WB3604-25
008 000000n2000 000 0 eng u
035 _a(Sirsi) u103843
245 _aDoubts over regional aid
260 _c2000
490 _aYorkshire Post
_v 27 January 2000, 8(1)
520 _aEU aid of £600m to halt the industrial decline in South Yorkshire may not be forthcoming if government fails to match spending. The county's local authorities are divided as to whether the Treasury will decide to match the funding.
590 _aWB
650 _aREGIONAL AID
650 _aOBJECTIVE ONE FUNDING
650 _aSOUTH YORKSHIRE
650 _aGOVERNMENT FUNDING
690 _aREGENERATION
942 _n0
999 _c62356
_d62356